Mystery Beatles Song - Statistics

General Stats
  • This quiz has been taken 801 times
  • The average score is 70 of 139
Answer Stats
Answer % Correct
a
93%
You
88%
The
85%
the
85%
me
81%
and
78%
to
74%
It
65%
your
60%
that
53%
here;
50%
here?
50%
here
50%
long
50%
long,
50%
road
49%
road.
49%
winding
49%
Let
48%
time
48%
for
47%
Don't
44%
door
44%
door.
44%
lead
44%
of
44%
will
44%
day.
43%
I've
42%
leads
42%
never
42%
night
42%
know
41%
they
40%
been
37%
before.
37%
leave
37%
way.
37%
Why
37%
But
36%
always
35%
alone,
34%
back
34%
left
34%
seen
34%
standing
33%
Many
32%
many
32%
ago.
31%
has
31%
times
31%
away
30%
disappear;
30%
windy
30%
cried.
29%
still
29%
waiting
29%
rain
27%
wild
26%
you'll
25%
tears,
24%
tried.
24%
ways
24%
washed
23%
keep
22%
crying
20%
pool
19%
Anyway,
17%
No matching quizzes found
Score Distribution
Percent of People with Each Score
Percentile by Number Answered
Your Score History
You have not taken this quiz